| 000 | 00927cad a22002055a 4500 | ||
|---|---|---|---|
| 001 | L150334 | ||
| 008 | 100701s2010 xxk f 000 0 eng d | ||
| 035 | _a(Sirsi) u150334 | ||
| 041 | 0 | _aeng | |
| 100 | 1 | _aGorrod, Jim | |
| 245 | 0 | 0 |
_aDevelopments in adjudication _brecent changes in the law have helped the construction industry keep its quarrels out of court _h[electronic resource] |
| 260 | _c2010 | ||
| 490 |
_aRICS Business _vJune 2010, 37(1) |
||
| 520 | _aThe construction industry has adopted the process of adjudication as the preferred method of resolving disputes; outlines the process; enforcement. | ||
| 590 | _aKA | ||
| 651 | 4 |
_aEngland and Wales _y1543- |
|
| 690 | _aBUILT ENVIRONMENT-CONSTRUCTION MANAGEMENT-BUILDING CONTRACT ADMINISTRATION | ||
| 856 | 4 | 8 |
_uhttps://www.ricsbusiness.com/index.php/feature/article/adjudication_jun10/ _zView this item (member-only access) at www.ricsbusiness.com |
| 942 | _n0 | ||
| 999 |
_c82464 _d82464 |
||